Die Länder der EU - Statistiken

Allgemein
  • Dieses Quiz wurde 395 mal gespielt
  • Das Durchschnittsergebnis liegt bei 23 aus 27
Antwortstatistiken
Antwort % Korrekt
Deutschland
98%
Polen
95%
Spanien
95%
Frankreich
94%
Portugal
93%
Niederlande
92%
Österreich
92%
Belgien
91%
Italien
91%
Schweden
91%
Finnland
90%
Dänemark
88%
Lettland
88%
Slowakei
88%
Tschechien
88%
Estland
86%
Slowenien
86%
Ungarn
86%
Griechenland
85%
Kroatien
85%
Irland
84%
Litauen
84%
Rumänien
80%
Luxemburg
78%
Bulgarien
77%
Malta
72%
Zypern
59%
Keine übereinstimmenden Quizze gefunden
Verteilung der Resultate
Anzahl Personen mit jedem Resultat
Perzentil nach korrekt beantworteten Fragen
Ihre Resultats-Entwicklung
Sie haben dieses Quiz noch nicht gespielt